Sub-parts-per-quadrillion-level graphite furnace atomic absorption spectrophotometry based on laser wave mixing /
Đã lưu trong:
| Tác giả khác: | , , , |
|---|---|
| Định dạng: | Bài viết |
| Ngôn ngữ: | English |
| Những chủ đề: | |
| Các nhãn: |
Thêm thẻ
Không có thẻ, Là người đầu tiên thẻ bản ghi này!
|
| Thư viện lưu trữ: | Thư viện Trường Đại học Đà Lạt |
|---|
| LEADER | 01068nam a2200349 4500 | ||
|---|---|---|---|
| 001 | DLU090097885 | ||
| 005 | ##20091201 | ||
| 040 | # | # | |a DLU |b eng |
| 041 | # | # | |a eng |
| 044 | # | # | |a us |
| 245 | # | # | |a Sub-parts-per-quadrillion-level graphite furnace atomic absorption spectrophotometry based on laser wave mixing / |c Fritz K. Mickadeit ... [et al.]. |
| 653 | # | # | |a Atomic absorption spectrometry |
| 653 | # | # | |a Graphite furnace |
| 653 | # | # | |a Injection laser |
| 653 | # | # | |a Nebulizor |
| 653 | # | # | |a Rubidium |
| 653 | # | # | |a Spectrophotometry |
| 653 | # | # | |a Wave mixing |
| 700 | # | # | |a Berniolles, Sandrine. |
| 700 | # | # | |a Kemp, Helen R. |
| 700 | # | # | |a Mickadeit, Fritz K. |
| 700 | # | # | |a Tong, William G. |
| 773 | # | # | |t Analytical Chemistry |g Vol. 76, no. 6 (March 2004), p. 1788-1792 |
| 920 | # | # | |a Phòng Tạp chí -- Trung tâm Thông tin - Thư viện Trường Đại học Đà Lạt |
| 994 | # | # | |a DLU |
| 900 | # | # | |a True |
| 911 | # | # | |a Trương Bảo Trâm Anh |
| 925 | # | # | |a G |
| 926 | # | # | |a A |
| 927 | # | # | |a BB |
| 980 | # | # | |a Thư viện Trường Đại học Đà Lạt |